000 00468nam a22001812 4500
001 0000003577
005 20170406115133.0
008 140624s xx 000 0 eng d
020 _c$
040 _aYour Holding Symbol
_cYour Holding Symbol
100 1 _aWilson,Edmund.
245 1 4 _aThe wound and the bow.
250 _a ed.
260 _alondon :
_bMetuen,
_c1952.
300 _a263 p. ;
_c cm.
650 0 _aliterature.
908 _a140624
999 _c3451
_d3451